Bluey Episodes (2024) - Statistics

General Stats
  • This quiz has been taken 628 times
    315 since last reset
  • The average score is 60 of 154
Answer Stats
Answer % Correct
Magic
71%
Bingo
70%
The Sign
70%
The Magic Xylophone
66%
Grannies
58%
Hospital
57%
The Beach
57%
Cricket
54%
Hammerbarn
54%
Surprise!
54%
Christmas Swim
53%
Sleepytime
53%
Unicorse
53%
Verandah Santa
53%
Ghostbasket
52%
Shadowlands
52%
The Pool
52%
Bus
51%
Camping
51%
Dance Mode
51%
Keepy Uppy
51%
Pass the Parcel
51%
BBQ
50%
Calypso
50%
Grandad
50%
The Doctor
49%
Easter
48%
Rain
48%
Army
46%
Fruitbat
46%
Daddy Dropoff
45%
Ice Cream
44%
The Creek
44%
The Show
44%
Zoo
44%
Baby Race
43%
Bedroom
43%
Daddy Putdown
43%
Dirt
43%
Double Babysitter
43%
Faceytalk
43%
Handstand
43%
Work
43%
Bob Bilby
42%
Hide and Seek
42%
Pavlova
42%
The Weekend
42%
Charades
41%
Daddy Robot
41%
Fairies
41%
Mini Bluey
41%
Mums and Dads
41%
Onesies
41%
Promises
41%
Relax
41%
Shaun
41%
Taxi
41%
The Sleepover
41%
Duck Cake
40%
Featherwand
40%
Octopus
40%
Asparagus
39%
Barky Boats
39%
Bin Night
39%
Granny Mobile
39%
Markets
39%
Mr Monkeyjocks
39%
Phones
39%
Pizza Girls
39%
Stickbird
39%
Curry Quest
38%
Early Baby
38%
Fairytale
38%
Family Meeting
38%
Helicopter
38%
Hotel
38%
Library
38%
Perfect
38%
Rug Island
38%
The Decider
38%
Tradies
38%
Turtleboy
38%
Mount Mumandad
37%
Omelette
37%
Seesaw
37%
Butterflies
36%
Dragon
36%
Obstacle Course
36%
Tina
36%
Typewriter
36%
Wild Girls
36%
Copycat
35%
Cubby
35%
Dad Baby
35%
Sheep Dog
35%
Takeaway
35%
Bike
34%
Chickenrat
34%
Movies
34%
Mum School
34%
Space
34%
Teasing
34%
The Adventure
34%
Born Yesterday
33%
Bumpy and the Wise Old Wolfhound
33%
Cafe
33%
Chest
33%
Circus
33%
Hairdressers
33%
Puppets
33%
Queens
33%
Squash
33%
Swim School
33%
Trains
33%
Yoga Ball
33%
Blue Mountains
32%
Stories
32%
The Dump
32%
Whale Watching
32%
Escape
31%
Flat Pack
31%
Horsey Ride
31%
Neighbours
31%
Road Trip
31%
Slide
31%
Smoochy Kiss
31%
Sticky Gecko
31%
Stumpfest
31%
Trampoline
31%
Burger Shop
30%
Ragdoll
30%
TV Shop
30%
Bad Mood
29%
Exercise
29%
Explorers
29%
Housework
29%
Muffin Cone
29%
Pirates
29%
Shops
29%
The Claw
29%
The Quiet Game
29%
Wagonride
29%
Fancy Restaurant
28%
Kids
28%
Musical Statues
28%
Piggyback
28%
Tickle Crabs
27%
Spygame
26%
Backpackers
25%
Favourite Thing
25%
Driving
24%
Show and Tell
24%
Dunny
23%
Postman
22%
No matching quizzes found
Score Distribution
Percent of People with Each Score
Percentile by Number Answered
Your Score History
You have not taken this quiz since the last reset